MARC details
| 000 -LEADER |
| campo de control de longitud fija |
02003cam a2200373 a 4500 |
| 001 - NÚMERO DE CONTROL |
| campo de control |
110585 |
| 005 - FECHA Y HORA DE LA ÚLTIMA TRANSACCIÓN |
| campo de control |
20230410105402.0 |
| 008 - DATOS DE LONGITUD FIJA--INFORMACIÓN GENERAL |
| campo de control de longitud fija |
090911s2010 nyu b 001 0 eng |
| 035 ## - NÚMERO DE CONTROL DEL SISTEMA |
| Número de control de sistema |
15903099 |
| 010 ## - NÚMERO DE CONTROL DE LA BIBLIOTECA DEL CONGRESO |
| Número de control de LC |
2009036867 |
| 020 ## - NÚMERO INTERNACIONAL ESTÁNDAR DEL LIBRO |
| Número Internacional Estándar del Libro |
9780307464224 |
| 020 ## - NÚMERO INTERNACIONAL ESTÁNDAR DEL LIBRO |
| Número Internacional Estándar del Libro |
0307464229 |
| 035 ## - NÚMERO DE CONTROL DEL SISTEMA |
| Número de control de sistema |
(OCoLC)ocn419797233 |
| 040 ## - FUENTE DE CATALOGACIÓN |
| Centro catalogador/agencia de origen |
DLC |
| Centro/agencia transcriptor |
DLC |
| Centro/agencia modificador |
BTCTA |
| -- |
YDXCP |
| -- |
C#P |
| -- |
BWX |
| -- |
DLC |
| 050 14 - SIGNATURA TOPOGRÁFICA DE LA BIBLIOTECA DEL CONGRESO |
| Número de clasificación |
HB 501 |
| Número de ítem |
B622r 2010 |
| 082 00 - NÚMERO DE LA CLASIFICACIÓN DECIMAL DEWEY |
| Número de clasificación |
330.122 |
| 100 1# - ENTRADA PRINCIPAL--NOMBRE DE PERSONA |
| Nombre de persona |
Bishop, Matthew, |
| Fechas asociadas al nombre |
1964- |
| 245 14 - MENCIÓN DEL TÍTULO |
| Título |
The road from ruin : |
| Resto del título |
how to revive capitalism and put America back on top / |
| Mención de responsabilidad, etc. |
Matthew Bishop and Michael Green. |
| 250 ## - MENCION DE EDICION |
| Mención de edición |
1st ed. |
| 260 ## - PUBLICACIÓN, DISTRIBUCIÓN, ETC. |
| Lugar de publicación, distribución, etc. |
New York : |
| Nombre del editor, distribuidor, etc. |
Crown Business, |
| Fecha de publicación, distribución, etc. |
c2010. |
| 300 ## - DESCRIPCIÓN FÍSICA |
| Extensión |
viii, 373 p. ; |
| Dimensiones |
25 cm. |
| 505 0# - NOTA DE CONTENIDO CON FORMATO |
| Nota de contenido con formato |
Nobel laureates and shoeshine boys: how innovation leads to bubbles -- The moral maze: how governments people the world with fools -- Money makes the world go wrong: a brief history of global imbalances -- The dangers of denial: how inaction leads to depression -- The reformer's challenge: don't throw out the baby with the bathwater -- Economics with a human face: toward a less dismal science -- A new world order: the world must redesign how it is governed -- The age of philanthrocapitalism: capitalism must rediscover its soul -- We are the change: making the right choices means increasing the wisdom of crowds -- Conclusion: the road ahead. |
| 504 ## - NOTA DE BIBLIOGRAFÍA, ETC. |
| Nota de bibliografía, etc. |
Includes bibliographical references (p. [353]-362) and index. |
| 650 #0 - PUNTO DE ACCESO ADICIONAL DE MATERIA--TÉRMINO DE MATERIA |
| Término de materia o nombre geográfico como elemento de entrada |
Capitalism. |
| 650 #0 - PUNTO DE ACCESO ADICIONAL DE MATERIA--TÉRMINO DE MATERIA |
| Término de materia o nombre geográfico como elemento de entrada |
Capitalism |
| Subdivisión general |
Moral and ethical aspects. |
| 650 #0 - PUNTO DE ACCESO ADICIONAL DE MATERIA--TÉRMINO DE MATERIA |
| Término de materia o nombre geográfico como elemento de entrada |
Financial crises |
| Subdivisión general |
Prevention. |
| 650 #4 - PUNTO DE ACCESO ADICIONAL DE MATERIA--TÉRMINO DE MATERIA |
| Término de materia o nombre geográfico como elemento de entrada |
Capitalismo. |
| 650 #4 - PUNTO DE ACCESO ADICIONAL DE MATERIA--TÉRMINO DE MATERIA |
| Término de materia o nombre geográfico como elemento de entrada |
Capitalismo |
| Subdivisión general |
Aspectos morales y éticos. |
| 700 1# - ENTRADA AGREGADA--NOMBRE PERSONAL |
| Nombre de persona |
Green, Michael |
| Forma completa/desarrollada del nombre |
(Michael F.) |
| 856 42 - LOCALIZACIÓN Y ACCESO ELECTRÓNICOS |
| Materiales especificados |
Contributor biographical information |
| Identificador Uniforme de Recursos |
<a href="http://www.loc.gov/catdir/enhancements/fy1010/2009036867-b.html">http://www.loc.gov/catdir/enhancements/fy1010/2009036867-b.html</a> |
| 856 42 - LOCALIZACIÓN Y ACCESO ELECTRÓNICOS |
| Materiales especificados |
Publisher description |
| Identificador Uniforme de Recursos |
<a href="http://www.loc.gov/catdir/enhancements/fy1010/2009036867-d.html">http://www.loc.gov/catdir/enhancements/fy1010/2009036867-d.html</a> |
| 925 0# - |
| -- |
acquire |
| -- |
2 shelf copies |
| -- |
policy default |
| 942 ## - ELEMENTOS DE ENTRADA SECUNDARIOS (KOHA) |
| Fuente del sistema de clasificación o colocación |
Clasificación de Library of Congress |
| Tipo de ítem Koha |
|